Business Marketing Management (Record no. 349648)

000 -LEADER
fixed length control field 00557nam a22002057a 4500
003 - CONTROL NUMBER IDENTIFIER
control field OSt
005 - DATE AND TIME OF LATEST TRANSACTION
control field 20180116182956.0
008 - FIXED-LENGTH DATA ELEMENTS--GENERAL INFORMATION
fixed length control field 140418b xxu||||| |||| 00| 0 eng d
020 ## - INTERNATIONAL STANDARD BOOK NUMBER
International Standard Book Number 9780324581638
040 ## - CATALOGING SOURCE
Original cataloging agency 0
Language of cataloging 0
Transcribing agency 0
082 ## - DEWEY DECIMAL CLASSIFICATION NUMBER
Classification number 658.804 HUT 2010
100 ## - MAIN ENTRY--PERSONAL NAME
Personal name Michael D. Hutt
245 ## - TITLE STATEMENT
Title Business Marketing Management
Statement of responsibility, etc. Michael D. Hutt
250 ## - EDITION STATEMENT
Edition statement International Edition
Remainder of edition statement 10 Ed.
260 ## - PUBLICATION, DISTRIBUTION, ETC.
Place of publication, distribution, etc. UK USA
Name of publisher, distributor, etc. Cengage Learning
Date of publication, distribution, etc. 2010
300 ## - PHYSICAL DESCRIPTION
Extent 652p
Other physical details PB
440 ## - SERIES STATEMENT/ADDED ENTRY--TITLE
Title Business Marketing Management
600 ## - SUBJECT ADDED ENTRY--PERSONAL NAME
Personal name Michael D. Hutt
942 ## - ADDED ENTRY ELEMENTS (KOHA)
Source of classification or shelving scheme
Koha item type Book
Holdings
Withdrawn status Lost status Source of classification or shelving scheme Damaged status Not for loan Collection code Permanent Location Current Location Shelving location Date acquired Total Checkouts Full call number Barcode Date last seen Date last checked out Price effective from Koha item type
            Central Library (CL) Central Library (CL) General Stacks 04/18/2014 3 658.804 HUT 2010 NBS9127 08/25/2023 02/12/2021 04/18/2014 Book
© 2023 Central Library, National University of Sciences and Technology. All Rights Reserved.